000 00507nam a22001457a 4500
999 _c134173
_d134173
005 20240527110843.0
008 240527b ||||| |||| 00| 0 eng d
040 _cPK-LaUMT
082 _aAPC 297.2661
_bIQB-K
100 _aIqbal Ahmad Qarshi = اقبال احمد قرشی
245 _aKitab us sehat = کتاب الصحت = a hand book of basic health /
_cby Iqbal Ahmad Qarshi = اقبال احمد قرشی
260 _aLahore :
_bMakhdoom Printing Press,
_c1998
300 _a288 p.
942 _cBK